00473nam a2200157Ia 4500100001600000650002700016942000700043654002200050245003600072260003100108082001000139300000800149546001200157999001700169952012900186 aZeines/Ben  aElectrical Engineering cBK aApplid Electronic aPrinciples of Applid Electronic bJohn wileyaNew Yorkc1963 a621.3 a425 aENGLISH c30991d30991 001040708AFTaCRCEbCRCEc1466 | 21d2023-03-17eUBSg60.00iT-503l0o621.3 pAFT4781r2023-03-17v60.00w2023-03-17yBK